| 000 | 00552nam a22001937a 4500 | ||
|---|---|---|---|
| 005 | 20260312081946.0 | ||
| 008 | 260312b |||||||| |||| 00| 0 eng d | ||
| 020 | _a9780321507815 | ||
| 040 | _cx | ||
| 050 | _aQH506 .M6627 2008 | ||
| 100 | _aWatson, James D. [et al] | ||
| 245 | _a Molecular biology of the gene | ||
| 250 | _a6th ed. | ||
| 260 |
_aSan Francisco : _bPearson/Benjamin Cummings , _c2008. |
||
| 300 |
_axxxii, 841 p. : _bill. |
||
| 650 | _aMolecular Biology | ||
| 650 | _aGenetic Techniques | ||
| 942 |
_2lcc _cBK _kQH506 .M6627 2008 _n1 |
||
| 999 |
_c2088 _d2088 |
||